[Event "Naisten SM 2025"]
[Site "?"]
[Date "2025.04.19"]
[Round "2.1"]
[White "Bhaumik, Mehr"]
[Black "Makinen, Kesia"]
[Result "1/2-1/2"]
[WhiteElo "1622"]
[BlackElo "1755"]
[PlyCount "126"]
[EventDate "2025.??.??"]

1. d4 d5 2. Nf3 Nf6 3. c3 e6 4. Bf4 c5 5. e3 Nc6 6. Bd3 c4 7. Bc2 Be7 8. Nbd2 b5 9. O-O Nh5 10. Ne5 Nxe5 11. Bxe5 Nf6 12. h3 a5 13. Qf3 b4 14. Ba4+ Bd7 15. Bxd7+ Qxd7 16. cxb4 axb4 17. Nxc4 Qb5 18. Nd6+ Bxd6 19. Bxd6 Ne4 20. Qf4 Ra6 21. Bc5 Nxc5 22. dxc5 O-O 23. a3 bxa3 24. Rxa3 Rxa3 25. bxa3 Qxc5 26. Qb4 Qxb4 27. axb4 Rb8 28. Rb1 Rb5 29. Kf1 Kf8 30. Ke2 Ke7 31. Kd3 Kd6 32. f4 f6 33. Kc3 Kc6 34. Ra1 Kb7 35. Ra5 Rb6 36. b5 Rd6 37. Kd4 Rd8 38. Ra6 Re8 39. Kc5 Rc8+ 40. Kd4 Rc4+ 41. Kd3 e5 42. fxe5 fxe5 43. Rd6 Rc5 44. b6 Rb5 45. Rd7+ Kxb6 46. Rxg7 Rb3+ 47. Ke2 Kc5 48. Rc7+ Kb4 49. Rb7+ Kc4 50. Rxb3 Kxb3 51. Kd3 Kb4 52. h4 Kc5 53. Kc3 h5 54. g3 Kb5 55. Kd3 Kb4 56. Kd2 Kc5 57. g4 hxg4 58. h5 g3 59. Ke2 d4 60. h6 d3+ 61. Kxd3 g2 62. h7 g1=Q 63. h8=Q Kd5 1/2-1/2

[Event "Naisten SM 2025"]
[Site "?"]
[Date "2025.04.19"]
[Round "2.2"]
[White "Lehtinen, Helja"]
[Black "Methmali, Y.."]
[Result "0-1"]
[WhiteElo "1951"]
[BlackElo "1831"]
[PlyCount "142"]
[EventDate "2025.??.??"]

1. d4 g6 2. c4 Bg7 3. Nc3 d6 4. e4 a6 5. Be3 c6 6. Nge2 b5 7. cxb5 cxb5 8. Rc1 Nd7 9. Ng3 Bb7 10. Bd3 Ngf6 11. O-O O-O 12. b4 Rc8 13. f3 Nb6 14. Bf2 Nc4 15. Qe2 Bh6 16. Rcd1 Nd7 17. a4 Ncb6 18. Qb2 Qc7 19. Nge2 bxa4 20. Ra1 Nc4 21. Bxc4 Qxc4 22. Nxa4 Qc2 23. Ra2 Qxb2 24. Rxb2 Rc4 25. Ra1 Rfc8 26. Rb3 Bc6 27. Nac3 Bb7 28. g3 e6 29. Ra2 f5 30. d5 exd5 31. Nxd5 Bxd5 32. exd5 Rc2 33. Rbb2 Rxb2 34. Rxb2 Rb8 35. Nd4 Bg7 36. Rb3 Bxd4 37. Bxd4 Rb5 38. Rc3 Rxd5 39. Rc8+ Kf7 40. Bc3 Rd1+ 41. Kf2 Rc1 42. Rc7 Ke6 43. Ke2 Rc2+ 44. Kd3 Rxh2 45. Ra7 Rh3 46. Rxa6 Rxg3 47. Ke3 Rg1 48. f4 h5 49. Bd4 h4 50. Kf2 Rb1 51. Bc5 Nxc5 52. bxc5 Rd1 53. cxd6 Rxd6 54. Ra8 Rd3 55. Rh8 h3 56. Kg1 Rf3 57. Kh2 Rxf4 58. Kxh3 Rg4 59. Re8+ Kf6 60. Ra8 Kg5 61. Ra5 Rc4 62. Ra6 Rc3+ 63. Kg2 f4 64. Kf2 Kf5 65. Rb6 g5 66. Rb5+ Kg4 67. Rb1 Rc2+ 68. Kg1 Kg3 69. Ra1 f3 70. Rb1 g4 71. Kh1 Rh2+ 0-1

[Event "Naisten SM 2025"]
[Site "?"]
[Date "2025.04.19"]
[Round "2.3"]
[White "Belaya, Nastasya"]
[Black "Bederdin, Lilja"]
[Result "0-1"]
[WhiteElo "2081"]
[BlackElo "2115"]
[PlyCount "82"]
[EventDate "2025.??.??"]

1. d4 Nf6 2. c4 g6 3. Nc3 Bg7 4. e4 d6 5. f3 O-O 6. Be3 c5 7. Nge2 Nc6 8. Qd2 Qa5 9. g4 Be6 10. Nd5 Qxd2+ 11. Kxd2 Bxd5 12. exd5 cxd4 13. Nxd4 Nxd4 14. Bxd4 Nd7 15. Bxg7 Kxg7 16. f4 Rfc8 17. Re1 Kf8 18. b3 a6 19. h4 b5 20. h5 g5 21. fxg5 Ne5 22. Rxe5 dxe5 23. Bd3 Kg8 24. Rf1 Ra7 25. Rf5 e4 26. Be2 Kg7 27. Ke3 bxc4 28. Bxc4 a5 29. Kxe4 a4 30. h6+ Kg8 31. Rf3 axb3 32. Bxb3 Rb7 33. a3 Rc1 34. Kf5 Rb6 35. a4 Kf8 36. Ke5 Rb7 37. g6 hxg6 38. Rh3 f6+ 39. Kd4 Rb4+ 40. Kd3 Rxb3+ 41. Kd2 Rxh3 0-1

[Event "Naisten SM 2025"]
[Site "?"]
[Date "2025.04.19"]
[Round "2.4"]
[White "Keinanen, Anastasia"]
[Black "Rinne, Heini"]
[Result "1-0"]
[WhiteElo "2199"]
[BlackElo "1878"]
[PlyCount "69"]
[EventDate "2025.??.??"]

1. e4 c6 2. d4 d5 3. e5 c5 4. dxc5 e6 5. c3 a5 6. Be3 Ne7 7. Na3 Nf5 8. Bd4 Nxd4 9. cxd4 Be7 10. Nb5 O-O 11. Bd3 b6 12. cxb6 Qxb6 13. Ne2 Bd7 14. Nec3 f6 15. exf6 Rxf6 16. O-O Na6 17. a3 Raf8 18. Qe2 Nc7 19. Nxc7 Qxc7 20. Nxd5 exd5 21. Qxe7 Re8 22. Qc5 Bc6 23. Bb5 Rh6 24. f4 Qb7 25. Bxc6 Qxc6 26. Rfe1 Rc8 27. Rac1 Qxc5 28. Rxc5 Rxc5 29. dxc5 a4 30. Re5 d4 31. Rd5 Rc6 32. Kf2 Kf7 33. Kf3 Rc8 34. Rxd4 Rxc5 35. Rxa4 1-0

[Event "Naisten SM 2025"]
[Site "?"]
[Date "2025.04.19"]
[Round "2.5"]
[White "Pelander, Pauliina"]
[Black "Tuominen, Tanja"]
[Result "0-1"]
[WhiteElo "1851"]
[BlackElo "2040"]
[PlyCount "82"]
[EventDate "2025.??.??"]

1. d4 d5 2. Nc3 Bf5 3. Bf4 c6 4. e3 Nf6 5. f3 h5 6. h4 Qb6 7. Bd3 Qxb2 8. Bxf5 Qxc3+ 9. Kf2 e6 10. Ne2 Qa3 11. Bd3 Bd6 12. Qb1 b6 13. c4 Bxf4 14. Nxf4 Qd6 15. c5 Qc7 16. cxb6 axb6 17. Qb4 c5 18. dxc5 bxc5 19. Qc3 Nbd7 20. Bb5 Rc8 21. a4 O-O 22. Ne2 e5 23. Rac1 c4 24. Ng3 Nc5 25. Rc2 Nd3+ 26. Kg1 Qc5 27. Nf1 Rfd8 28. Kh2 Qd6 29. Ng3 e4 30. Rd1 exf3 31. gxf3 Qb6 32. Nf5 Qc7+ 33. Kg2 Ne5 34. Qa3 Qc5 35. Qxc5 Rxc5 36. f4 Neg4 37. Bxc4 g6 38. Ne7+ Kf8 39. Nxd5 Nxd5 40. Kf3 Ngxe3 41. Bxd5 Nxc2 0-1

[Event "Naisten SM 2025"]
[Site "?"]
[Date "2025.04.20"]
[Round "3.1"]
[White "Tuominen, Tanja"]
[Black "Bhaumik, Mehr"]
[Result "1-0"]
[WhiteElo "2040"]
[BlackElo "1622"]
[PlyCount "71"]
[EventDate "2025.??.??"]

1. e4 c5 2. Nc3 d6 3. d4 cxd4 4. Qxd4 Nc6 5. Qd2 Nf6 6. b3 e5 7. Bb2 Be7 8. O-O-O O-O 9. Kb1 Be6 10. f3 a6 11. g4 Qc7 12. Nge2 Rfd8 13. Nd5 Bxd5 14. exd5 Na7 15. g5 Nd7 16. h4 f5 17. f4 Re8 18. fxe5 Nc5 19. e6 Ne4 20. Qd4 Bf8 21. Bg2 Nb5 22. Qe3 Nc5 23. c4 Na7 24. Qc3 Nd7 25. Ng3 Ne5 26. Nxf5 g6 27. Nh6+ Bxh6 28. gxh6 b5 29. c5 Rac8 30. Qd4 Qxc5 31. Qxc5 Rxc5 32. Bxe5 dxe5 33. d6 e4 34. d7 Rd8 35. e7 Rxd7 36. e8=Q# 1-0

[Event "Naisten SM 2025"]
[Site "?"]
[Date "2025.04.20"]
[Round "3.3"]
[White "Bederdin, Lilja"]
[Black "Keinanen, Anastasia"]
[Result "0-1"]
[WhiteElo "2115"]
[BlackElo "2199"]
[PlyCount "72"]
[EventDate "2025.??.??"]

1. e4 c5 2. Nc3 Nc6 3. Bb5 Nd4 4. Nf3 Nxb5 5. Nxb5 a6 6. Nc3 d6 7. d4 cxd4 8. Qxd4 e6 9. Bg5 Nf6 10. O-O-O Be7 11. e5 dxe5 12. Qxe5 Bd7 13. Rhg1 Rc8 14. g4 b5 15. Kb1 b4 16. Ne2 Rc5 17. Qe3 Qc8 18. Bxf6 gxf6 19. Nc1 Rxc2 20. Nd4 Rc7 21. Qh6 e5 22. Qg7 Rf8 23. Nde2 Rc4 24. h3 Bc6 25. Ng3 Bf3 26. Rd3 Qc6 27. Qxh7 Bc5 28. Nf5 Be4 29. Ng7+ Ke7 30. Nf5+ Ke8 31. Ng7+ Ke7 32. Nf5+ Bxf5 33. Qxf5 Rf4 34. Qh5 Rxf2 35. Rgd1 Bd4 36. R3d2 Rxd2 0-1

[Event "Naisten SM 2025"]
[Site "?"]
[Date "2025.04.20"]
[Round "3.4"]
[White "Methmali, Y.."]
[Black "Belaya, Nastasya"]
[Result "0-1"]
[WhiteElo "1831"]
[BlackElo "2081"]
[PlyCount "96"]
[EventDate "2025.??.??"]

{[%evp 0,96,42,31,52,52,86,13,58,25,27,27,23,16,21,15,19,-27,-23,-12,0,-3,1,-15,-25,-17,4,-1,51,21,36,34,49,43,49,35,64,7,9,7,33,24,23,14,0,22,34,36,103,78,116,121,113,101,101,101,101,93,85,65,91,19,17,49,49,15,85,-59,-6,-107,-298,-305,-356,-330,-274,-274,-423,-516,-600,-640,-600,-710,-725,-794,-803,-842,-869,-881,-964,-964,-1115,-2042,-1070,-1121,-1165,-1309,-1656,-1708,-1725]} 1. e4 c5 2. Nf3 d6 3. g3 g6 4. Bg2 Bg7 5. d3 Nf6 6. O-O O-O 7. Re1 Nc6 8. c3 Bd7 9. Nbd2 Rc8 10. Nf1 b5 11. h3 b4 12. Bd2 a5 13. Ne3 e6 14. Rc1 Ne8 15. Ng4 bxc3 16. bxc3 Ne5 17. Nfxe5 dxe5 18. Nh6+ Kh8 19. h4 Bb5 20. c4 Bc6 21. Be3 f5 22. Bg5 Bf6 23. Qd2 Ng7 24. exf5 Bxg5 25. hxg5 Bxg2 26. Kxg2 Nxf5 27. Rxe5 Nd4 28. f4 Qb6 29. Re4 Rb8 30. Ng4 Qb2 31. Rd1 Qa3 32. Qe3 Rb2+ 33. Rd2 Qxa2 34. Rxd4 Rxd2+ 35. Kh3 Re2 36. Qg1 cxd4 37. Qxd4+ e5 38. fxe5 Qb2 39. Qd6 Rf1 40. Qd8+ Kg7 41. Qd7+ Rf7 42. Qd5 Qb7 43. e6 Qxd5 44. cxd5 Rf1 45. Nf6 Rxf6 46. gxf6+ Kxf6 47. Kg4 Rd2 48. Kf4 Rxd3 0-1

[Event "Naisten SM 2025"]
[Site "?"]
[Date "2025.04.20"]
[Round "3.5"]
[White "Makinen, Kesia"]
[Black "Lehtinen, Helja"]
[Result "0-1"]
[WhiteElo "1755"]
[BlackElo "1951"]
[PlyCount "88"]
[EventDate "2025.??.??"]

{[%evp 0,88,31,31,28,-25,4,-5,17,-31,-32,-4,24,-101,-97,-86,-67,-67,-36,-88,-50,-92,-79,-86,-59,-47,-71,-113,-125,-133,-124,-137,-155,-155,-121,-153,-142,-182,-142,-183,-116,-116,-211,-178,-223,-194,-194,-432,-430,-477,-526,-534,-538,-586,-611,-642,-498,-526,-545,-545,-525,-541,-474,-480,-454,-554,-567,-567,-517,-525,-547,-591,-607,-616,-608,-646,-684,-961,-757,-799,-807,-884,-906,-934,-884,-941,-989,-1053,-1094,-29997,-29998]} 1. d4 Nf6 2. c4 e6 3. Nc3 Bb4 4. f3 c5 5. d5 b5 6. d6 bxc4 7. e4 Nc6 8. Bxc4 O-O 9. a3 Ba5 10. Be3 Bxc3+ 11. bxc3 Qa5 12. Ne2 Ne5 13. Qb3 Ba6 14. Bxa6 Qxa6 15. Qd1 Nd3+ 16. Kf1 Rfc8 17. Ra2 Rab8 18. Rd2 c4 19. Nf4 Qxd6 20. Nxd3 cxd3 21. Bxa7 Rb7 22. Rxd3 Qxa3 23. Bd4 Qa2 24. Qe1 Rb1 25. Rd1 Rcb8 26. g4 Rxd1 27. Qxd1 Rb1 28. Qxb1 Qxb1+ 29. Kg2 Qc2+ 30. Kg3 Qb2 31. h4 d5 32. Rh2 Qb8+ 33. e5 Nd7 34. f4 f6 35. Re2 fxe5 36. fxe5 Qb1 37. Rf2 Qe1 38. Kf4 Qe4+ 39. Kg3 Nxe5 40. Rf4 Qd3+ 41. Kg2 Qe2+ 42. Kg3 Nd3 43. Rf3 e5 44. Re3 Qf2+ 0-1

[Event "Naisten SM 2025"]
[Site "?"]
[Date "2025.04.20"]
[Round "3.2"]
[White "Rinne, Heini"]
[Black "Pelander, Pauliina"]
[Result "0-1"]
[WhiteElo "1878"]
[BlackElo "1851"]
[PlyCount "110"]
[EventDate "2025.??.??"]

1. d4 d5 2. Nf3 Nf6 3. g3 e6 4. Bg2 Nbd7 5. O-O Bd6 6. Nbd2 O-O 7. c4 c6 8. Qc2 h6 9. Rd1 Qe7 10. e4 dxe4 11. Nxe4 Nxe4 12. Qxe4 Nf6 13. Qe1 Bd7 14. Ne5 Rad8 15. b3 Bc8 16. Bb2 Nd7 17. f4 c5 18. d5 exd5 19. Bxd5 Nxe5 20. fxe5 Bb8 21. Qc3 Be6 22. Rd3 Rfe8 23. Re1 b5 24. Bc6 b4 25. Qd2 Rxd3 26. Qxd3 Rd8 27. Bd5 Qg5 28. Bc1 Qe7 29. Bb2 a5 30. Qe4 g6 31. Bc1 Kg7 32. h4 g5 33. Kf2 f5 34. exf6+ Qxf6+ 35. Qf3 Bxd5 36. Qxf6+ Kxf6 37. hxg5+ hxg5 38. cxd5 Rxd5 39. Rh1 Rd3 40. g4 Bf4 41. Bxf4 gxf4 42. Rh5 Rc3 43. Rf5+ Kg6 44. Rxf4 Rc2+ 45. Ke3 Rxa2 46. Kd3 a4 47. bxa4 Rxa4 48. Rf5 Ra3+ 49. Kc2 Rc3+ 50. Kb2 c4 51. Rb5 Rb3+ 52. Kc2 Kf6 53. Rf5+ Ke6 54. Rg5 Rg3 55. Rb5 b3+ 0-1

[Event "Naisten SM 2025"]
[Site "?"]
[Date "2025.04.21"]
[Round "4.1"]
[White "Bhaumik, Mehr"]
[Black "Lehtinen, Helja"]
[Result "0-1"]
[WhiteElo "1622"]
[BlackElo "1951"]
[PlyCount "56"]
[EventDate "2025.??.??"]

1. d4 Nf6 2. Nc3 d5 3. Bf4 g6 4. Qd2 Bg7 5. e3 c6 6. Nf3 O-O 7. O-O-O Bg4 8. Be2 Nbd7 9. h3 Bxf3 10. Bxf3 b5 11. g4 Nb6 12. g5 Nc4 13. Qd3 Nd7 14. h4 e5 15. dxe5 Ndxe5 16. Bxe5 Nxe5 17. Qe2 Qa5 18. Bg2 Nc4 19. Rd4 Bxd4 20. exd4 b4 21. Nb1 Qxa2 22. c3 Rfe8 23. Qc2 b3 24. Qd3 Qxb2+ 25. Kd1 Qxf2 26. Bh3 Nb2+ 27. Kc1 Nxd3+ 28. Kd1 Qe2# 0-1

[Event "Naisten SM 2025"]
[Site "?"]
[Date "2025.04.21"]
[Round "4.2"]
[White "Belaya, Nastasya"]
[Black "Makinen, Kesia"]
[Result "1-0"]
[WhiteElo "2081"]
[BlackElo "1755"]
[PlyCount "83"]
[EventDate "2025.??.??"]

1. g3 d5 2. Bg2 c5 3. d3 Nc6 4. c4 e6 5. Nc3 Nge7 6. Nf3 g6 7. Bg5 Bg7 8. cxd5 exd5 9. Qb3 O-O 10. O-O Be6 11. Qxb7 Rb8 12. Qxc6 Nxc6 13. Bxd8 Rfxd8 14. Rab1 c4 15. Ng5 cxd3 16. Nxe6 dxe2 17. Nxe2 fxe6 18. Nf4 Rd6 19. Nxe6 Rxb2 20. Rxb2 Bxb2 21. Rb1 Bf6 22. Rc1 Ne7 23. Nc7 d4 24. Ne8 Rb6 25. Nxf6+ Rxf6 26. Rc7 Nf5 27. Bd5+ Kh8 28. Rxa7 d3 29. Rd7 d2 30. Bb3 Nd6 31. f3 Re6 32. Kf2 g5 33. g4 Rh6 34. h3 Nb5 35. Rxd2 Rxh3 36. Rd5 Nc3 37. Rxg5 h6 38. Rg8+ Kh7 39. Kg2 Rh4 40. Rc8 Nb5 41. Rc1 Kg6 42. Kg3 1-0

[Event "Naisten SM 2025"]
[Site "?"]
[Date "2025.04.21"]
[Round "4.3"]
[White "Keinanen, Anastasia"]
[Black "Methmali, Y.."]
[Result "1-0"]
[WhiteElo "2199"]
[BlackElo "1831"]
[PlyCount "77"]
[EventDate "2025.??.??"]

1. e4 g6 2. d4 Bg7 3. Nc3 d6 4. f4 e6 5. Nf3 Ne7 6. Bd3 Nd7 7. Be3 Nf6 8. Bf2 b6 9. Qe2 Bb7 10. Bh4 d5 11. e5 Nd7 12. Nb5 Qc8 13. Bxe7 Kxe7 14. Qf2 a6 15. Na3 b5 16. c3 c5 17. Rd1 Qc7 18. O-O Rac8 19. Nh4 f5 20. exf6+ Nxf6 21. dxc5 Qxc5 22. Qxc5+ Rxc5 23. Nf3 Ne4 24. Nc2 Rf8 25. g3 Rfc8 26. Ncd4 h6 27. Ne5 g5 28. Ndf3 gxf4 29. Ng6+ Ke8 30. Nxf4 e5 31. Nh5 Bh8 32. Nh4 Nxc3 33. Bg6+ Kd7 34. bxc3 Kd6 35. Rf7 R8c7 36. Nf5+ Ke6 37. Nhg7+ Bxg7 38. Nxg7+ Kd6 39. Ne8+ 1-0

[Event "Naisten SM 2025"]
[Site "?"]
[Date "2025.04.21"]
[Round "4.4"]
[White "Pelander, Pauliina"]
[Black "Bederdin, Lilja"]
[Result "0-1"]
[WhiteElo "1851"]
[BlackElo "2115"]
[PlyCount "56"]
[EventDate "2025.??.??"]

1. e4 e6 2. d4 d5 3. e5 c5 4. c3 Nc6 5. Nf3 Qb6 6. Bd3 Bd7 7. dxc5 Bxc5 8. O-O Qc7 9. Re1 a6 10. Nbd2 Nge7 11. Nb3 Ba7 12. Nbd4 h6 13. Nxc6 Nxc6 14. Be3 Bxe3 15. Rxe3 O-O-O 16. Qe2 Kb8 17. Nd4 f5 18. Nxf5 exf5 19. e6 f4 20. Rf3 Rhe8 21. Bf5 Bc8 22. Re1 g5 23. Rh3 Qg7 24. Qh5 Ne7 25. Bc2 Ng8 26. Qg4 Rd6 27. Bf5 Nf6 28. Qd1 Bxe6 0-1

[Event "Naisten SM 2025"]
[Site "?"]
[Date "2025.04.21"]
[Round "4.5"]
[White "Tuominen, Tanja"]
[Black "Rinne, Heini"]
[Result "1-0"]
[WhiteElo "2040"]
[BlackElo "1878"]
[PlyCount "97"]
[EventDate "2025.??.??"]

1. e4 c6 2. d4 d5 3. e5 c5 4. c3 Nc6 5. Be2 e6 6. Nf3 cxd4 7. cxd4 Nge7 8. Na3 Nf5 9. Nc2 Be7 10. O-O h5 11. Bd3 g5 12. Be3 g4 13. Nfe1 Rg8 14. Bxf5 exf5 15. Nd3 Be6 16. b4 Rc8 17. a3 Nb8 18. Nf4 Rh8 19. Ne1 Nd7 20. Qa4 Rc6 21. Ned3 Qc7 22. b5 Rc4 23. Qxa7 Kf8 24. Rfc1 Nb6 25. Nxe6+ fxe6 26. Nc5 Bxc5 27. dxc5 Nc8 28. Qa8 h4 29. Rxc4 dxc4 30. Rd1 g3 31. h3 gxf2+ 32. Bxf2 Kf7 33. c6 bxc6 34. bxc6 Kg6 35. Re1 c3 36. Qa4 Ne7 37. Bxh4 Qxc6 38. Qf4 Qc5+ 39. Kh2 Rh5 40. Bxe7 Qxe7 41. Qg3+ Rg5 42. Qxc3 Qb7 43. Re2 Qa6 44. Rf2 Qb5 45. Qd4 Qb3 46. Rf3 Qa2 47. Qf2 Qd5 48. Qe3 Qc4 49. Qf4 1-0

[Event "Naisten SM 2025"]
[Site "?"]
[Date "2025.04.22"]
[Round "5.1"]
[White "Rinne, Heini"]
[Black "Bhaumik, Mehr"]
[Result "1/2-1/2"]
[WhiteElo "1878"]
[BlackElo "1622"]
[PlyCount "47"]
[EventDate "2025.??.??"]

1. d4 Nf6 2. Nf3 g6 3. g3 Bg7 4. Bg2 d5 5. O-O O-O 6. c4 c6 7. Nbd2 Ne4 8. cxd5 cxd5 9. Nxe4 dxe4 10. Ne5 f5 11. Qb3+ e6 12. Rd1 Qd5 13. Qa4 Bd7 14. Nxd7 Qxd7 15. Qa3 Nc6 16. Be3 Rac8 17. h4 a6 18. Rac1 Ne7 19. Bf4 Rxc1 20. Bxc1 Nd5 21. f3 exf3 22. Bxf3 Qc7 23. Bg2 Qc4 24. Qd3 1/2-1/2

[Event "Naisten SM 2025"]
[Site "?"]
[Date "2025.04.22"]
[Round "5.2"]
[White "Bederdin, Lilja"]
[Black "Tuominen, Tanja"]
[Result "1-0"]
[WhiteElo "2115"]
[BlackElo "2040"]
[PlyCount "151"]
[EventDate "2025.??.??"]

1. Nf3 d5 2. g3 Nf6 3. Bg2 c6 4. O-O Nbd7 5. d4 g6 6. b3 Bg7 7. Bb2 O-O 8. c4 Ne4 9. Nfd2 Ndf6 10. Nxe4 Nxe4 11. Nd2 Bf5 12. f3 Nxd2 13. Qxd2 Qb6 14. e4 Be6 15. exd5 cxd5 16. c5 Qc7 17. Rfe1 Rfe8 18. f4 Qd7 19. Bc3 Bh3 20. Bxh3 Qxh3 21. a4 h5 22. b4 Bf6 23. b5 Rec8 24. Rab1 h4 25. Qe3 Kg7 26. Rb2 hxg3 27. hxg3 Rh8 28. Qf3 Rh5 29. Rg2 Rah8 30. Qd3 Qg4 31. Kf2 Rh3 32. Qd1 Qf5 33. Qb1 Qd7 34. Qd3 R8h5 35. Ke2 Rh2 36. Reg1 Qg4+ 37. Qf3 Qf5 38. Qd3 Qh3 39. Qf3 Rxg2+ 40. Qxg2 Qg4+ 41. Kd2 Qf5 42. Qe2 Rh3 43. Kc1 g5 44. Kb2 Kf8 45. c6 Qc8 46. fxg5 Bg7 47. cxb7 Qxb7 48. Rf1 Kg8 49. Rxf7 Kxf7 50. Qf1+ Bf6 51. Qxh3 Bxg5 52. Qh7+ Kf6 53. Qh8+ Kf7 54. Qe5 Bf6 55. Qh5+ Kg7 56. g4 Qb6 57. Qxd5 e6 58. Qc6 Qb8 59. Qxe6 Qh2+ 60. Kb3 Qg1 61. Qd7+ Kg6 62. Qf5+ Kg7 63. g5 Bxg5 64. d5+ Kh6 65. Qh3+ Kg6 66. Qd3+ Kh6 67. Qh3+ Kg6 68. Qd3+ Kh6 69. Bd4 Qc1 70. Bxa7 Bd2 71. d6 Qd1+ 72. Kc4 Qxa4+ 73. Kd5 Bg5 74. Qh3+ Kg6 75. Qe6+ Bf6 76. Qe4+ 1-0

[Event "Naisten SM 2025"]
[Site "?"]
[Date "2025.04.22"]
[Round "5.3"]
[White "Methmali, Y.."]
[Black "Pelander, Pauliina"]
[Result "0-1"]
[WhiteElo "1831"]
[BlackElo "1851"]
[PlyCount "164"]
[EventDate "2025.??.??"]

1. e4 c6 2. Nc3 d5 3. Qf3 d4 4. Bc4 e6 5. Nce2 c5 6. a3 Nc6 7. Qg3 a6 8. d3 Qd6 9. f4 Nge7 10. Nf3 Ng6 11. O-O Be7 12. Ng5 b5 13. Ba2 h6 14. e5 Qc7 15. Nxe6 Bxe6 16. Bxe6 Bh4 17. Qg4 h5 18. Qf5 fxe6 19. Qxg6+ Qf7 20. Qe4 Qd7 21. Rf3 O-O-O 22. Bd2 Rdg8 23. g3 Bd8 24. h4 Bb6 25. Kg2 Rf8 26. Ng1 Rf5 27. Nh3 Rhf8 28. Raf1 Kb8 29. c4 Na5 30. Bxa5 Bxa5 31. b4 cxb4 32. axb4 Bxb4 33. Rb1 Bc3 34. cxb5 axb5 35. Rf2 b4 36. Ng5 Re8 37. Ra2 Qb7 38. Qxb7+ Kxb7 39. Ne4 Kc6 40. Nd6 Rb8 41. Nxf5 exf5 42. Ra7 Kd5 43. Rb3 Rg8 44. Kf3 g6 45. Ra6 Kc5 46. Ke2 Kb5 47. Ra7 Kb6 48. Ra2 Re8 49. Kd1 Rc8 50. Ra4 Kb5 51. Ra7 Re8 52. Rb1 Re6 53. Rb7+ Kc5 54. Ra7 Kb5 55. Kc2 Kb6 56. Rf7 Kc5 57. Rf6 Re8 58. Rxg6 Ra8 59. Rg5 Ra2+ 60. Kd1 Rd2+ 61. Kc1 Rxd3 62. Rxf5 Rxg3 63. Rg5 Rf3 64. e6+ Kd6 65. f5 Rf1+ 66. Kc2 d3+ 67. Kxd3 Rxb1 68. Rxh5 Rd1+ 69. Kc2 Rf1 70. Rg5 Bf6 71. Rg4 Kc5 72. Kb3 Rf3+ 73. Kc2 b3+ 74. Kd2 b2 75. Rg1 Bxh4 76. Kc2 Rf2+ 77. Kb1 Bf6 78. Re1 Kd6 79. Rd1+ Ke7 80. Rd7+ Ke8 81. Rb7 Rf1+ 82. Ka2 Ra1+ 0-1

[Event "Naisten SM 2025"]
[Site "?"]
[Date "2025.04.22"]
[Round "5.4"]
[White "Makinen, Kesia"]
[Black "Keinanen, Anastasia"]
[Result "0-1"]
[WhiteElo "1755"]
[BlackElo "2199"]
[PlyCount "34"]
[EventDate "2025.??.??"]

1. d4 d5 2. c4 e6 3. Nc3 Nf6 4. cxd5 exd5 5. Bg5 c6 6. e3 Bd6 7. Nf3 Qe7 8. Qc2 a5 9. Nxd5 Bb4+ 10. Nd2 Bxd2+ 11. Kxd2 Ne4+ 12. Ke1 Qxg5 13. Qxe4+ Kd8 14. Nb6 Re8 15. Qf3 a4 16. Nxa8 Bg4 17. Nc7 Bxf3 0-1

[Event "Naisten SM 2025"]
[Site "?"]
[Date "2025.04.22"]
[Round "5.5"]
[White "Lehtinen, Helja"]
[Black "Belaya, Nastasya"]
[Result "1-0"]
[WhiteElo "1951"]
[BlackElo "2081"]
[PlyCount "91"]
[EventDate "2025.??.??"]

1. d4 Nf6 2. c4 g6 3. Nc3 Bg7 4. e4 d6 5. h3 O-O 6. Be3 a5 7. Nge2 e5 8. d5 Na6 9. g4 h5 10. Qd2 Nc5 11. f3 c6 12. Nc1 a4 13. Nd3 Nxd3+ 14. Bxd3 a3 15. b4 Bd7 16. g5 Ne8 17. Rb1 f5 18. gxf6 Qxf6 19. Be2 Qh4+ 20. Kd1 Kh7 21. Bg5 Qg3 22. Kc2 Bf6 23. Bxf6 Rxf6 24. Rbg1 Qf2 25. Qg5 cxd5 26. Rg2 Qd4 27. Rd1 Qa7 28. Nxd5 Re6 29. Kd2 Ba4 30. Ne7 b5 31. Nxg6 Ng7 32. Rb1 Rg8 33. f4 Qd4+ 34. Ke1 exf4 35. e5 Qe4 36. Nf8+ Kh8 37. Nxe6 Qxb1+ 38. Kf2 Qh7 39. Nxg7 Rxg7 40. Qd8+ Rg8 41. Rxg8+ Qxg8 42. Qxg8+ Kxg8 43. exd6 Kf8 44. cxb5 Bb3 45. b6 Bd5 46. Bf3 1-0